[Event "NRW Class1 0506"]
[Site "Germany"]
[Date "2005.10.09"]
[Round "2.3"]
[White "Fink, Frank"]
[Black "Wilde, Pierre"]
[Result "1/2-1/2"]
[WhiteElo "2093"]
[BlackElo "2296"]
[PlyCount "57"]
[EventDate "2005.09.25"]
[EventType "team"]
[EventRounds "9"]
[EventCountry "GER"]
[SourceTitle "EXT 2006"]
[Source "ChessBase"]
[SourceDate "2005.11.24"]
[SourceVersion "1"]
[SourceVersionDate "2005.11.24"]
[SourceQuality "1"]
[WhiteTeam "Bergneustadt/Derschlag"]
[BlackTeam "Gesch"]
[WhiteTeamCountry "GER"]
[BlackTeamCountry "GER"]

1. e4 c5 2. c3 e6 3. d4 d5 4. exd5 Qxd5 5. Nf3 Nf6 6. Be3 cxd4 7. cxd4 Nc6 8. Nc3 Qd6 9. Bd3 Be7 10. 0-0 0-0 11. a3 b6 12. Qe2 Bb7 13. Rad1 Rac8 14. Rfe1 Rfe8 15. Bb1 Bf8 16. Qd3 g6 17. d5 Nxd5 18. Nxd5 exd5 19. Qxd5 Qxd5 20. Rxd5 Nb8 21. Rd2 Bxf3 22. gxf3 Bc5 23. Kf1 Bxe3 24. fxe3 Kf8 25. Kf2 Rc5 26. Rc2 Rec8 27. Rec1 Rxc2+ 28. Rxc2 Rxc2+ 29. Bxc2 1/2-1/2